Football : Les transferts dépassant 70M € - Statistiques

Statistiques générales
  • Ce quiz a été pris 428 fois
  • Le résultat moyen est 21 sur 49
Statistiques - réponses
Réponse % Correct
Kylian Mbappé
99%
Neymar
99%
Cristiano Ronaldo
92%
Ousmane Dembélé
79%
Antoine Griezmann
77%
Philippe Coutinho
72%
Paul Pogba
71%
Jude Bellingham
64%
Gareth Bale
63%
Zinédine Zidane
62%
Erling Haaland
61%
Harry Kane
56%
Enzo Fernández
54%
Randal Kolo Muani
53%
Harry Maguire
52%
Moisés Caicedo
52%
Romelu Lukaku
52%
Eden Hazard
50%
Jack Grealish
50%
João Félix
50%
Virgil van Dijk
48%
Declan Rice
46%
Luis Suárez
40%
Mykhaïlo Mudryk
37%
Aurélien Tchouaméni
36%
Kevin De Bruyne
36%
Ángel Di María
35%
Lucas Hernandez
32%
Kai Havertz
31%
Rodri
31%
Rúben Dias
31%
Antony
30%
Kepa Arrizabalaga
30%
Frenkie de Jong
28%
Jadon Sancho
28%
Matthijs de Ligt
27%
James Rodríguez
26%
Joško Gvardiol
26%
Nicolas Pépé
24%
Casemiro
23%
Darwin Núñez
23%
Gonzalo Higuaín
23%
Wesley Fofana
21%
Victor Osimhen
18%
Rasmus Højlund
16%
Alexander Isak
9%
Arthur Melo
9%
Dominik Szoboszlai
7%
Oscar
4%
Aucun quiz correspondant
Distribution des résultats
% des personnes avec chaque résultat
Percentile par nombre de réponses
Votre historique - résultats
Vous n’avez pas pris ce quiz